01150cam a2200289Ia 4500001001200000003000700012005001700019007000700036008004100043040005700084020002200141020002500163035002000188050003000208100002800238245005300266260004200319300002100361440002800382500002800410520017400438650001800612650002400630650002000654856008500674856010100759chase00smitCaSfIA20230525155008.0cr||||940503s1994 nyu j 000 1 eng d aKRLcKRLdSLCdBTCTAdYDXCPdOCLCGdS@PdO3YdCaSfIA a0671874527 (pbk.) a9780671874520 (pbk.) a(OCoLC)30373395 4aPS3569.M537592bC42 1994x1 aSmith, L. J.q(Lisa J.)14aThe chase /h[electronic resource] cL.J. Smith. aNew York, NY :bPocket Books,cc1994. a226 p. ;c17 cm. 4aThe forbidden game ;v2 a"An Archway Paperback." aJenny and her friends have changed because of Julian, the Shadow Man, who has again returned to terrorize them with a new game, a hunting game called Lambs and Monsters. 0aHorror tales. 0aTeenagersvFiction. 0aGamesvFiction.41uhttp://www.archive.org/details/chase00smitzFree eBook from the Internet Archive42uhttp://www.openlibrary.org/books/OL24375745MzAdditional information and access via Open Library